| 000 | 00904nam a2200253 a 4500 | ||
|---|---|---|---|
| 001 | 000002235 | ||
| 005 | 20250217092805.0 | ||
| 008 | 090701s2007 dr r 000 0 spa d | ||
| 040 |
_aDO-SdBNP _bspa _cBNPHU |
||
| 082 |
_a231.3 _bJ91q |
||
| 100 | 1 |
_aJuanes, Benigno _d1916-2009 _9442 |
|
| 245 | 1 | 0 |
_a¿Qué es la Renovación Carismática Católica y qué pretende? : _bguía para la renovación carismática católica / _cP. Benigno Juanes, S.J. |
| 260 |
_aSanto Domingo : _bRenovación Carismática Católica, _c2007. |
||
| 300 |
_a274 p. ; _c23 cm. |
||
| 490 | 1 |
_aTorrentes _v1 |
|
| 650 | 4 |
_aMovimiento carismático _9666 |
|
| 650 | 4 |
_aEspiritu santo _97135 |
|
| 650 | 4 |
_aPentecostalismo _97136 |
|
| 650 | 4 |
_aOrdenes religiosas _97137 |
|
| 650 | 4 |
_aIglesia católica _zRepública Dominicana _92409 |
|
| 650 | 4 |
_aDones espirituales _97138 |
|
| 650 | 0 |
_aVida cristiana _9668 |
|
| 830 | 0 |
_aTorrentes _n1 _97139 |
|
| 999 |
_c2083 _d2083 |
||